Cypress Hill Discography - Statistics

General Stats
  • This quiz has been taken 15 times
  • The average score is 5 of 20
Answer Stats
Year Name Type % Correct
1993 Black Sunday Album
100%
1991 Cypress Hill Album
85%
1995 Cypress Hill III: Temple of Boom Album
62%
2000 Skull & Bones Album
62%
1998 Cypress Hill IV Album
54%
2001 Stoned Raiders Album
31%
2005 Greatest Hits from the Bong Compilation
15%
2010 Rise Up Album
15%
1996 Unreleased and Revamped EP
15%
2012 Cypress X Rusko EP (Collab)
8%
2000 Live at the Fillmore Live Album
8%
1999 Los Grandes Éxitos en Español Compilation
8%
2002 Stash EP
8%
2010 Strictly Hip Hop: The Best of Cypress Hill Compilation
8%
2014 The Essential Cypress Hill Album
8%
2004 Til Death Do Us Part Album
8%
2008 Collections Compilation
0%
2004 Smoke 'Em If You Got 'Em EP
0%
1992 Something for the Blunted EP
0%
2008 Super Hits Compilation
0%
No matching quizzes found
Score Distribution
Percent of People with Each Score
Percentile by Number Answered
Your Score History
You have not taken this quiz